01667cas a2200301 i 4500001001000000003000400010005001700014007000300031008004100034040003000075041000800105043000900113245004500122264010700167300002200274310001300296336002800309337003400337338002800371362003900399500005200438500009200490520027100582545029700853650008401150650006301234650006801297000038143DLC20260512150218.0ta130318c1964 dr mr1p|r || |0spa d aDO-SdBNPbspacBNPHUerda hspa anwdr00aTestimonio :brevista de artes y letras. aSanto Domingo, República Dominicana : b[Secretaría de Estado de lo Interior y Policía],c1964-. avolumen ;c23 cm. aMensual. atestobtxt 2rdacontent asin mediación bn2rdamedia avolumenbnc2rdacarrier1 aInicia con el: No. 6 (julio 1964). aDescripción basada en el: No. 6 (julio 1964). aDirectores 1964: Lupo Hernández Rueda, Luis Alfredo Torres y Alberto Peña Lebrón. aTestimonio traerá cada seis meses, un índice general por materia, de autores, de secciones permanentes. Así los suscriptores de esta revista podrán formar con sus números cada seis meses un volumen que tendrá al final un índice general de su contenido.1 aTestimonio: es un órgano de cultura, no una revista política. Se publica mensualmente. Es la revista que todo hombre interesado en la cultura debe leer. Testimonio: respeta el criterio personal de sus colaboradores. Agradece que toda reproducción de su contenido indique su procedencia. 4aPublicaciones periódicasvPublicaciones periódicas zRepública Dominicana 4aArteszRepública DominicanavPublicaciones periódicas  4aLiteraturazRepública DominicanavPublicaciones periódicas